Top 15 Personnages Les Plus Forts de Naruto - Statistiques

Statistiques générales
  • Ce quiz a été pris 561 fois
  • Le résultat moyen est 13 sur 16
Statistiques - réponses
Rank Réponse % Correct
4 Uchiha Sasuke
99%
3 Uzumaki Naruto
99%
8 Hatake Kakashi
94%
2 Uchiha Madara
94%
9 Namikaze Minato
89%
11 Uchiha Itachi
89%
5 Uchiha Obito
89%
1 Otsutsuki Kaguya
84%
6 Senju Hashirama
82%
14 Senju Tobirama
79%
15 Tsunade
78%
15 Jiraiya
76%
12 Pain
72%
9 Uzumaki Nagato
57%
7 Gai Maito
41%
13 Yakushi Kabuto
36%
Aucun quiz correspondant
Distribution des résultats
% des personnes avec chaque résultat
Percentile par nombre de réponses
Votre historique - résultats
Vous n’avez pas pris ce quiz